Weatherwise's almanack for the year of our Lord 1790 : ... Calculated for the meridian of Portsmouth, in New-Hampshire, lat. 43 deg. 5 min. north. But will serve for any of the New England states. ...

Bibliographic Details
Format: eBook
Language:English
Series:Early American imprints. Evans (1639-1800) ; no. 22251.
Subjects:
Online Access:Evans Digital Edition

MARC

Tag First Indicator Second Indicator Subfields
LEADER 00000cam a2200000 a 4500
001 in00002180721
006 m e d #
007 cr mn mmmmabba
008 831010s1789 nhu s 000 0 eng d
005 20260331164134.3
035 |z w025185 
035 |a MAAR8310131605B 
035 |9 mwa91-16308 
035 |a 348804 
035 |a aas03025185 
040 |a MWA  |c MWA  |e bdrb  |d UtOrBLW 
245 0 0 |a Weatherwise's almanack for the year of our Lord 1790 :  |b ... Calculated for the meridian of Portsmouth, in New-Hampshire, lat. 43 deg. 5 min. north. But will serve for any of the New England states. ... 
264 3 |a Portsmouth, N.H. :  |b Printed and sold by George Jerry Osborne, Jr. at his office in Congress-Street, near the State-House,  |c [1789?] 
300 |a 24 unnumbered pages ;  |c 17 cm. (duodecimo) 
336 |a text  |b txt  |2 rdacontent 
337 |a computer  |b c  |2 rdamedia 
338 |a online resource  |b cr  |2 rdacarrier 
510 4 |a Evans  |c 22251 
510 4 |a Whittemore, C. New Hampshire,  |c 500 
510 4 |a Drake, M. Almanacs,  |c 4652 
530 |a Microform version available in the Readex Early American Imprints series. 
533 |a Electronic text and image data.  |b [Chester, Vt. :  |c Readex, a division of Newsbank, Inc.,  |d 2002-2004.  |e Includes files in TIFF, GIF and PDF formats with inclusion of keyword searchable text.  |f (Early American imprints. First series ; no. 22251). 
500 |a Electronic resource. 
655 7 |a Almanacs  |z New Hampshire  |y 1790.  |2 rbgenr 
752 |a United States  |b New Hampshire  |d Portsmouth. 
830 0 |a Early American imprints.  |n Series I,  |p Evans (1639-1800) ;  |v no. 22251. 
856 4 1 |u http://proxy.library.tamu.edu/login?url=https://opac.newsbank.com/select/evans/22251  |y Evans Digital Edition  |t 0 
999 |a MARS 
999 f f |s 8b9977df-b974-3909-a6fc-4844fe347f3a  |i bfcdc3be-7171-33a3-aedb-8f8a5a4bd15c  |t 0 
952 f f |a Texas A&M University  |b College Station  |c Electronic Resources  |s www_evans  |d Available Online  |t 0  |h No information provided 
998 f f |t 0  |l Available Online